Vista normal Vista MARC

Entrada Personal Name

Número de registros utilizados en: 1

001 - CONTROL NUMBER

  • control field: 10340

003 - CONTROL NUMBER IDENTIFIER

  • control field: OSt

005 - DATE AND TIME OF LATEST TRANSACTION

  • control field: 20200917120628.0

008 - FIXED-LENGTH DATA ELEMENTS

  • fixed length control field: 200917|| aca||aabn | a|a d

040 ## - CATALOGING SOURCE

  • Original cataloging agency: OSt
  • Transcribing agency: OSt

100 ## - HEADING--PERSONAL NAME

  • Personal name: Street-Porter, Janet, autora

670 ## - SOURCE DATA FOUND

  • Source citation: Work cat.: (OSt)4032: Street-Porter, Janet, autora, La vida son cuatro p***s días ¡vívela! : guía para no malgastar energía, tiempo ni dinero /